Meine vierzehn Kinder heißen: Mitten im Leben - Statistiken

Allgemein
  • Dieses Quiz wurde 799 mal gespielt
  • Das Durchschnittsergebnis liegt bei 7 aus 14
Antwortstatistiken
Nummer Antwort % Korrekt
7 Rambo Ramon Rainer
72%
9 Dwight .. ne, Xena
65%
10 Dwight
62%
11 Gandolf Merlin
61%
13 Dragon Dinuso Degen
55%
3 Chris-Frank
52%
6 Samantha
52%
8 Angel
46%
1 Ulrike
46%
12 Odin Jens Jr.
44%
2 Barbara
41%
4 Maya
37%
5 Thore
35%
14 Hayo Donavan Benvenuto
24%
Keine übereinstimmenden Quizze gefunden
Verteilung der Resultate
Anzahl Personen mit jedem Resultat
Perzentil nach korrekt beantworteten Fragen
Ihre Resultats-Entwicklung
Sie haben dieses Quiz noch nicht gespielt